|
|
|
|
| LEADER |
00804naa a2200205 i 4500 |
| 001 |
publ36135 |
| 005 |
20250225141508.0 |
| 008 |
250225s2016 hu o 000 eng d |
| 020 |
|
|
|a 9789221304012
|
| 024 |
7 |
|
|a 3110541
|2 mtmt
|
| 040 |
|
|
|a SZTE Publicatio Repozitórium
|b hun
|
| 041 |
|
|
|a eng
|
| 100 |
1 |
|
|a Hajdú József
|
| 245 |
1 |
4 |
|a The Right To Social Security in the Hungarian Fundamental Law (Constitution)
|h [elektronikus dokumentum] /
|c Hajdú József
|
| 260 |
|
|
|a International Labour Organization (ILO)
|b Geneva
|c 2016
|
| 300 |
|
|
|a 18
|
| 300 |
|
|
|a 89-106
|
| 490 |
0 |
|
|a The Right to Social Security in the Constitutions of the World: Broadening the moral and legal space for social justice
|
| 650 |
|
4 |
|a Jogtudomány
|
| 856 |
4 |
0 |
|u http://publicatio.bibl.u-szeged.hu/36135/1/Hajdu_2016.pdf
|z Dokumentum-elérés
|